Focus on insects /

Guardado en:
Autor Principal: Parker, Jane
Formato: Libro
Publicado: New York : Shooting Star Press, 1994
Materias:
Etiquetas: Agregar Etiqueta
Sin Etiquetas, Sea el primero en etiquetar este registro!
LEADER 00756nam a22001935a 4500
001 CEM.cems016527
008 130507s1994##################000#0#####d
005 20231108114645.0
245 1 0 |a Focus on insects /  |c Jane Parker 
260 |a New York :  |b Shooting Star Press,  |c 1994 
300 |a 32 p. 
505 0 |a What are insects -- Life cycles -- Feeding -- Getting about -- Senses -- Poisons and stings -- Bugs -- Beetles -- Flies -- Butterflies and moths -- Bees and wasps -- Ants and termites -- Insects and people -- Classification of insects 
020 |a 1569240477 
100 1 |a Parker, Jane 
082 0 4 |a 428.64 
653 |a Insectos 
653 |a Insects 
653 |a Inglés-enciclopedias 
859 |a CEMS  |b BIB. CEMS - Agricultura  |h 428.64  |i P223-1  |p A17835.94  |t Ej.1